000 00384nam a2200157Ia 4500
005 20250603144653.0
008 250603s9999 xx 000 0 und d
050 _aAE 5 .C 683/
245 0 _aCollier's encyclopedia: with bibliography and index
260 _aNew York
260 _bCollier & son limited
260 _c1996
300 _a780 p
650 _aNew York
942 _cBK
999 _c39607
_d39607